000 00795nam a22001577a 4500
003 OSt
005 20150924164635.0
008 150924b xxu||||| |||| 00| 0 eng d
040 _cRUA
082 _aAGR NOU 2011 B052 Or.1
100 _91286
_aNOU SOTHEARITH
245 _aEffect of cutting shoot on yield of different varieties of cowpea (Vigna unguiculata(l). walp) At royal university of agriculture,(ឥទ្ធិពលនៃការកាត់ត្រួយទៅលើទិន្នផលនៃពូជសណ្ដែកអង្គុយ (Vigna unguiculata (l). walp)ផ្សេងៗគ្នានៅសាកលវិទ្យាល័យភូមិន្ទកសិកម្ម)
260 _aphnom penh
_bRUA
_c2012
300 _axi, 53p.
_cill.
_g29cm.
942 _2ddc
_cAGR
999 _c1219
_d1219